Desserts from 'M' - Statistics

General Stats
  • This quiz has been taken 27 times
  • The average score is 3 of 16
Answer Stats
Picture Answer % Correct
Macaron
95%
Madeleine
52%
Mooncake
38%
Mille Feuille
33%
Mango sticky rice
24%
Melonpan
10%
Makowiec
5%
Malpua
5%
Manchester tart
5%
Manjar Branco
5%
Marmorkuchen
5%
Miguelitos
5%
Mimosa Cake
5%
Modak
5%
Medovik
0%
Melomakarona
0%
No matching quizzes found
Score Distribution
Percent of People with Each Score
Percentile by Number Answered
Your Score History
You have not taken this quiz